LEADER 01134nam a2200241 i 4500 001 000000151972 003 CaOOAMICUS 005 20060719000000.0 008 060719n it u000 u ita u 013 $a129313 040 $aSeMil$bita 100 1 $aMattei, Enrico,$d<1906-1962>.$0(OLS)http://semarc/name/25837 245 13$aLe forze cattoliche nella lotta di liberazione /$cdalle relazioni di Enrico Mattei. 246 04$iTitolo in copertina:$aL'apporto delle forze cattoliche alla lotta di Liberazione 260 $aMilano :$bAssociazione Partigiani Cristiani,$c[1965] 300 $a36 p. :$b[1] ritr. ;$c21 cm. 650 4$aResistenza - Italia.$0(OLS)http://semarc/subject/16845 850 $aSeMil 852 $aSeMil$W1$xVenegono$y1$m5D VII 12/1$j103950$B103950$CSeMilBibl$Z2$F113014 $81 961 $aRecupero: Altro 996 $6245$aLe forze cattoliche nella lotta di liberazione$9(OLS)http://semarc/title/222150 996 $6246$aL'apporto delle forze cattoliche alla lotta di Liberazione$9(OLS)http://semarc/title/222151 996 $6260$aMilano :$bAssociazione Partigiani Cristiani$9(OLS)http://semarc/publisher/47992 LEADER 01212nam a2200241 i 4500 001 000000232356 003 CaOOAMICUS 005 20251023121739.0 008 140826s1606 it u000 u lat u 026 $ae,mi 2858 ntei lumi (3) 1606 (R) 040 $aSeMil$bita 245 10$a[Tomus 1]. 300 $a[40], 804 p. 500 $aFregi, iniz. xilogr. 500 $aMarca editoriale: Un gatto con un topo in bocca. In una cornice figurata. Motto: Dissimilium infida sotietas. (U753). 500 $aSegn.: a? b-c? A-3C? 3Dą?. 500 $aCors. ; rom. 500 $aTesto su due colonne 773 0 $aMaldonado, Juan : de $tIoannis Maldonati Andalusii ... Commentarii in quattuor Euangelistas in duos tomus [!] diuisi. Quorum prior eos, qui in Matthaeum, & Marcum; posterior eos, qui in Lucam, & Ioannem, complectitur.$bHac postrema editione ab innumeris quibus antea scatebant erroribus, expurgati, & pristino nitori suo restituti.$dVenetiis : Apus Sessas, 1606.$g1$w()30405 850 $aSeMil 852 $aSeMil$W1$xVenegono$y1$m2Y V 34 FA$j182702$B182702$CSeMilBibl$Z2$F193724 $8I 996 $6245$a[Tomus 1]$9(OLS)http://semarc/title/76787